00242pam a2200097 a 4500020000500000041000500005100002900010245004000039260005300079300001200132 c h aBONO (Edward de)eauthor aSix Thinking HatshTextual Document bPenguin Books India Pvt. Ltd. New Delhi , London avi, 177